| 000 | 00791nam a2200229 a 4500 | ||
|---|---|---|---|
| 005 | 20250430063805.0 | ||
| 008 | 021011s1996 mx r 000 0 spa d | ||
| 020 | _a8470439510 | ||
| 035 | _aUPN01000120112 | ||
| 049 | _aCG | ||
| 050 | 4 |
_aPN4717 _bC6.7 |
|
| 111 | 2 |
_aCongreso Internacional Prensa en las Aulas _n2o. : _d1995, 12-14 oct.: _cZamora, Esp. |
|
| 245 | 1 | 0 |
_aPrensa en las aulas II : _bactas del II Congreso Internacional Prensa en las Aulas, Zamora 12-14 de octubre de 1995 / _ccoord. Donaciano Bartolomé. |
| 260 |
_aMadrid : _bCCS, _c1996. |
||
| 300 | _a421 p. | ||
| 440 | 0 |
_aAnálisis e investigación ; _v2 |
|
| 650 | 4 |
_aPERIODISMO EDUCATIVO _96782 |
|
| 650 | 4 |
_aPeriodismo _910230 |
|
| 700 | 1 |
_aCrespo, Donaciano Bartolomé, _ecoord. |
|
| 902 | _aBDV/BDV | ||
| 905 | _aLibro | ||
| 999 |
_c92457 _d92457 |
||